|
|
|
|
| LEADER |
00628cam a2200169 7i4500 |
| 001 |
0000016704 |
| 005 |
20051230090000.0 |
| 020 |
0 |
0 |
|a 92-1-112667-3
|
| 090 |
0 |
0 |
|a I 332.673
|b UNI
|
| 245 |
0 |
0 |
|a World investment report 2005 :
|b transnational corporation and the internationalization of R & D.
|
| 260 |
0 |
0 |
|a New York:
|b United Nations Publications,
|c 2005.
|
| 300 |
# |
# |
|a 332 p.
|
| 650 |
0 |
0 |
|a Sevices
|
| 650 |
0 |
0 |
|a Investments, foreign
|
| 710 |
1 |
1 |
|a United Nations Conference on Trade and Development
|
| 999 |
|
|
|a B000018198
|b Book
|c International
|e Business Information Centre
|
| 999 |
|
|
|a 0000017889
|b Book
|c International
|e Business Information Centre
|